000 00749nam a2200205 i 4500
001 15621
003 ES-MaACL
005 20230906151122.0
007 t|
008 010329m19992000sp ||||1| spa d
080 _a791.862
245 0 3 _aLa fiesta nacional de toros.
260 _a[Madrid] :
_bCaja Madrid,
_c[1999-2000]
300 _a2 v. :
_bil. ;
_c30 cm.
505 8 _aContiene: 1. Recopilación de las obras ganadoras del premio literario-taurino "Doctor Zumel" años 1989 a 1993 -- 2. Recopilación de las obras ganadoras del premio literario-taurino "Doctor Zumel" años 1994 a 1999
650 4 _aCorridas de toros.
_911370
650 1 4 _aTauromaquia.
_917288
710 2 _aCaja Madrid.
_92336
852 _aES-MaACL
_jL-24578-9
_bR.128327
999 _c15621
_d15621